BSOP header

Narrative reading, narrative preaching : (Record no. 51687)

MARC details
000 -LEADER
fixed length control field 02072cam a22002894a 4500
001 - CONTROL NUMBER
control field 13266446
005 - DATE AND TIME OF LATEST TRANSACTION
control field 20230209084012.0
008 - FIXED-LENGTH DATA ELEMENTS--GENERAL INFORMATION
fixed length control field 030709s2003 miu b 001 0 eng
010 ## - LIBRARY OF CONGRESS CONTROL NUMBER
LC control number 2003058273
020 ## - INTERNATIONAL STANDARD BOOK NUMBER
International Standard Book Number 0801027217 (pbk.)
040 ## - CATALOGING SOURCE
Original cataloging agency DLC
Transcribing agency DLC
Modifying agency DLC
042 ## - AUTHENTICATION CODE
Authentication code pcc
245 00 - TITLE STATEMENT
Title Narrative reading, narrative preaching :
Remainder of title reuniting New Testament interpretation and proclamation /
Statement of responsibility, etc edited by Joel B. Green and Michael Pasquarello III.
260 ## - PUBLICATION, DISTRIBUTION, ETC. (IMPRINT)
Place of publication, distribution, etc Grand Rapids, Mich. :
Name of publisher, distributor, etc Baker Academic,
Date of publication, distribution, etc c2003.
300 ## - PHYSICAL DESCRIPTION
Extent 198 p. ;
Dimensions 22 cm.
336 ## - CONTENT TYPE
Content Type Term text
337 ## - MEDIA TYPE
Media Type Term unmediated
338 ## - CARRIER TYPE
Carrier Type Term volume
504 ## - BIBLIOGRAPHY, ETC. NOTE
Bibliography, etc Includes bibliographical references and index.
505 0# - FORMATTED CONTENTS NOTE
Formatted contents note List of Contributors 7 (2)<br/>Preface 9 (2)<br/>1. The (Re-)Turn to Narrative 11 (26)<br/>Joel B. Green<br/>2. Reading the Gospels and Acts as Narrative 37 (30)<br/>Joel B. Green<br/>3. Whose Story? Preaching the Gospels and Acts 67 (14)<br/>Michael Pasquarello III<br/>4. Reading the Letters as Narrative 81 (26)<br/>James W. Thompson<br/>5. Preaching the Letters as Narrative 107 (10)<br/>William H. Willimon<br/>6. Revelation and Resistance: Narrative and Worship in John's Apocalypse 117 (34)<br/>Stanley P Saunders<br/>7. Apocalypse Now: Preaching Revelation as Narrative 151 (26)<br/>Charles L. Campbell<br/>8. Narrative Reading, Narrative Preaching: Inhabiting the Story 177 (18)<br/>Michael Pasquarello III<br/>Index 195
520 0# - SUMMARY, ETC.
Summary, etc With the ongoing development of critical biblical studies, exegesis has become an academic discipline that often stands quite apart from the weekly homiletical work of the clergy. The two endeavors, interpretation and proclamation, which at one time were mutually informed and supportive, are now practically divided by divergent methods, interests, and goals. "Narrative Reading, Narrative Preaching" provides an exegetical and homiletical approach that seeks to break down these barriers
630 00 - SUBJECT ADDED ENTRY--UNIFORM TITLE
Uniform title Bible
Name of part/section of a work New Testament
General subdivision Homiletical use.
650 #0 - SUBJECT ADDED ENTRY--TOPICAL TERM
Topical term or geographic name as entry element Narrative preaching.
700 1# - ADDED ENTRY--PERSONAL NAME
Personal name Green, Joel B.,
Dates associated with a name 1956-
700 1# - ADDED ENTRY--PERSONAL NAME
Personal name Pasquarello, Michael.
942 ## - ADDED ENTRY ELEMENTS (KOHA)
Source of classification or shelving scheme Library of Congress Classification
Item type Books
Holdings
Withdrawn status Lost status Source of classification or shelving scheme Damaged status Not for loan Home library Current library Shelving location Date acquired Source of acquisition Inventory number Total Checkouts Full call number Barcode Date last seen Price effective from Koha item type
    Library of Congress Classification     BSOP Library BSOP Library GC 02/09/2023 Theological Book Network 47038   BS2392 N16 2003 00057952 02/09/2023 02/09/2023 Books
BSOP

Biblical Seminary of the Philippines
  All rights Reserved
  © 2024

CONTACT INFORMATION

Biblical Seminary of the Philippines,
  77-B Karuhatan Road, Valenzuela City,
  PHILIPPINES 1441
  Phone: +632 8292-6795 / 8292-6798
  Fax : +632 8292-6675
  Email: library@bsop.edu.ph